Kadra reprezentacji na mecze z Ukrainą,Holandią i Włochami. - Statystyki

Ogólne statystyki
  • Ten quiz został rozwiązany 102 razy
  • Średni wynik to 23 z 28
Statystyki odpowiedzi
Aktualny Klub Piłkarz % Poprawnych
West Ham Fabiański
100%
Napoli Milik
100%
Juventus Szczęsny
100%
Napoli Zieliński
100%
Benevento Glik
99%
Bayern Lewandowski
99%
Southampton Bednarek
98%
Lokomotiv Krychowiak
98%
Hertha Piątek
98%
Leeds Klich
92%
Bologna Skorupski
92%
Sampdoria Bereszyński
91%
Dynamo Kijów Kędziora
91%
Lokomotiv Rybus
90%
Derby Jóźwiak
88%
Fiorentina Drągowski
87%
Torino Linetty
86%
West Brom Grosicki
84%
Lech Poznań Moder
80%
Dynamo Moskwa Szymański
80%
Eibar Kądzior
73%
Kairat Ałmaty Góralski
71%
Augsburg Gumny
67%
Cagliari Walukiewicz
67%
Crotone Reca
66%
Heerenveen Bochniewicz
52%
Lech Poznań Kamiński
51%
Legia Warszawa Karbownik
44%
Nie znaleziono quizów pasujących do podanych kryteriów
Rozkład punktacji
Procent ludzi z każdym wynikiem
Percentyl według liczby udzielonych odpowiedzi
Twoja historia wyników
Nie rozwiązałeś tego quizu